[Event "NCL967 Na Fianna-Wessex"]
[Site "Rd10"]
[Date "1997.??.??"]
[Round "10.6"]
[White "Upton, Ian"]
[Black "Connolly, Suzanne"]
[Result "1/2-1/2"]
[WhiteElo "2235"]
[BlackElo "1840"]
[PlyCount "86"]
[EventDate "1997.03.23"]
[Source "J.Saunders"]
[SourceDate "1998.06.06"]

1. d4 d5 2. c4 c6 3. Nf3 Nf6 4. Qc2 Bg4 5. Ne5 e6 6. Nxg4 Nxg4 7. e3 Nd7 8. Nc3
Bd6 9. h3 Ngf6 10. Be2 dxc4 11. Bxc4 O-O 12. O-O c5 13. a3 Rc8 14. Ba2 Bb8 15.
Rd1 Qc7 16. g3 Nb6 17. Qe2 Rfd8 18. dxc5 Qxc5 19. Rxd8+ Rxd8 20. e4 Be5 21. Be3
Bd4 22. Rd1 Rd7 23. Rxd4 Rxd4 24. Bxd4 Qxd4 25. Kg2 a6 26. Kf3 Qc5 27. Qe3 Qc6
28. Qd4 Nfd7 29. Ke2 Qc5 30. Qxc5 Nxc5 31. b4 Ncd7 32. f4 Kf8 33. a4 Ke7 34.
Ke3 Kd6 35. Bb3 f6 36. Kd3 Nc8 37. Ne2 e5 38. Bd5 Kc7 39. a5 Ne7 40. Be6 Nc6
41. Kc4 Kd6 42. Bd5 h6 43. f5 b6 1/2-1/2

[Event "NCL967 Na Fianna-Wessex"]
[Site "Rd10"]
[Date "1997.??.??"]
[Round "10.7"]
[White "O'Siochru, Mairead"]
[Black "Noyce, Robert"]
[Result "1/2-1/2"]
[WhiteElo "1880"]
[BlackElo "2205"]
[PlyCount "60"]
[EventDate "1997.03.23"]
[Source "J.Saunders"]
[SourceDate "1998.06.06"]

1. c4 Nf6 2. Nc3 g6 3. g3 Bg7 4. Bg2 d6 5. Nf3 O-O 6. O-O c6 7. d3 e5 8. e4 Ne8
9. b4 f5 10. Rb1 f4 11. d4 exd4 12. Ne2 fxg3 13. fxg3 c5 14. bxc5 dxc5 15. Ba3
Na6 16. Qd3 Nd6 17. Nd2 Rxf1+ 18. Rxf1 Be6 19. Nf4 Bf7 20. Re1 Be5 21. Nd5 Rb8
22. Nf3 Qe8 23. Rf1 Bg7 24. Ng5 Bxd5 25. cxd5 b5 26. Ne6 c4 27. Nxg7 cxd3 28.
Nxe8 Nxe8 29. Bh3 Ng7 30. Bd6 Rd8 1/2-1/2

[Event "NCL967 Hertford-SW Dragons"]
[Site "Rd10"]
[Date "1997.??.??"]
[Round "10.1"]
[White "Cummings, David"]
[Black "Swanson, Stephen"]
[Result "1-0"]
[WhiteElo "2360"]
[BlackElo "2265"]
[PlyCount "81"]
[EventDate "1997.03.23"]
[Source "J.Saunders"]
[SourceDate "1998.06.06"]

1. d4 d6 2. g3 g6 3. Bg2 Bg7 4. Nf3 Nf6 5. O-O O-O 6. c4 c6 7. Nc3 Qa5 8. e4
Qh5 9. Nh4 Qxd1 10. Rxd1 Na6 11. Rb1 Bg4 12. f3 Be6 13. Bf1 c5 14. d5 Bd7 15.
a3 Ne8 16. Bg5 Bf6 17. Bxf6 exf6 18. f4 g5 19. Nf5 gxf4 20. gxf4 Kh8 21. Kf2
Nac7 22. b4 cxb4 23. axb4 b6 24. Ne7 a6 25. Rd2 Ra7 26. c5 bxc5 27. bxc5 dxc5
28. Rb8 Nb5 29. Nxb5 axb5 30. Nc6 Ra4 31. Rd8 Rxe4 32. Rxd7 Rxf4+ 33. Ke1 c4
34. Rd8 Rg8 35. Re2 Nd6 36. Rxd6 c3 37. Rd8 Rxd8 38. Nxd8 Rd4 39. Bg2 Rc4 40.
Kd1 Kg7 41. Nc6 1-0

[Event "NCL967 Hertford-SW Dragons"]
[Site "Rd10"]
[Date "1997.??.??"]
[Round "10.2"]
[White "Duncan, Chris"]
[Black "Zeidler, Sven"]
[Result "0-1"]
[WhiteElo "2340"]
[BlackElo "2265"]
[PlyCount "68"]
[EventDate "1997.03.23"]
[Source "J.Saunders"]
[SourceDate "1998.06.06"]

1. c4 f5 2. Nc3 Nf6 3. g3 g6 4. Bg2 Bg7 5. e3 d6 6. Nge2 O-O 7. b4 e5 8. O-O
Nc6 9. b5 Ne7 10. a4 g5 11. f4 gxf4 12. exf4 h5 13. Ba3 Rf7 14. d3 Rb8 15. Qb3
h4 16. Nd5 Nexd5 17. cxd5 hxg3 18. hxg3 Ng4 19. Bc1 Qf6 20. Bb2 Qh6 21. Rf3 Re7
22. fxe5 Bxe5 23. d4 Bf6 24. Nf4 Bg5 25. Qc3 Bd7 26. Re1 Rxe1+ 27. Qxe1 Re8 28.
Qd2 a6 29. Bf1 axb5 30. axb5 Re7 31. Bd3 Bxf4 32. gxf4 Qh4 33. Bf1 Rg7 34. Rh3
Nf2+ 0-1

[Event "NCL967 Hertford-SW Dragons"]
[Site "Rd10"]
[Date "1997.??.??"]
[Round "10.3"]
[White "Morris, Charles"]
[Black "Byway, Paul"]
[Result "1-0"]
[WhiteElo "2215"]
[BlackElo "2230"]
[PlyCount "59"]
[EventDate "1997.03.23"]
[Source "J.Saunders"]
[SourceDate "1998.06.06"]

1. c4 Nf6 2. Nc3 c5 3. e4 Nc6 4. g3 e6 5. Bg2 Be7 6. a3 O-O 7. Nge2 b6 8. d3
Bb7 9. O-O d6 10. h3 Qd7 11. f4 Nd4 12. g4 Ne8 13. f5 Nxe2+ 14. Qxe2 Bf6 15. g5
Bd4+ 16. Be3 exf5 17. Rxf5 g6 18. Rf3 Bg7 19. h4 Qg4 20. Raf1 Nc7 21. Qf2 Qd7
22. Bh3 Qe7 23. h5 Ne6 24. Qh4 Bd4 25. Bxe6 fxe6 26. Bxd4 cxd4 27. Nb5 Rxf3 28.
Rxf3 d5 29. hxg6 dxe4 30. Rf7 1-0

[Event "NCL967 Hertford-SW Dragons"]
[Site "Rd10"]
[Date "1997.??.??"]
[Round "10.4"]
[White "Coleman, David"]
[Black "James, David J"]
[Result "1-0"]
[WhiteElo "2280"]
[BlackElo "2260"]
[PlyCount "55"]
[EventDate "1997.03.23"]
[Source "J.Saunders"]
[SourceDate "1998.06.06"]

1. e4 c5 2. Nf3 d6 3. d4 cxd4 4. Nxd4 Nf6 5. Nc3 a6 6. Bc4 e6 7. O-O Be7 8. a4
O-O 9. Be3 Nc6 10. f4 d5 11. exd5 exd5 12. Be2 Re8 13. Kh1 Bb4 14. Nxc6 bxc6
15. Bd4 Bf5 16. Bf3 Bd6 17. g4 Be4 18. g5 Bxf3+ 19. Rxf3 Nd7 20. Rh3 Bxf4 21.
Qh5 Nf8 22. Rf1 Qxg5 23. Rg1 Qxh5 24. Rxg7+ Kh8 25. Rxh5 Be5 26. Rxe5 c5 27.
Reg5 Ng6 28. Bf6 1-0

[Event "NCL967 Hertford-SW Dragons"]
[Site "Rd10"]
[Date "1997.??.??"]
[Round "10.5"]
[White "Richmond, Peter"]
[Black "Dearing, Eddie"]
[Result "1/2-1/2"]
[WhiteElo "2185"]
[BlackElo "2185"]
[PlyCount "181"]
[EventDate "1997.03.23"]
[Source "J.Saunders"]
[SourceDate "1998.06.06"]

1. e4 c5 2. Nf3 d6 3. d4 Nf6 4. Nc3 cxd4 5. Nxd4 g6 6. g3 Nc6 7. Nde2 b6 8. Bg2
Ba6 9. b3 Bg7 10. Bb2 O-O 11. Qd2 Rc8 12. Nd1 b5 13. O-O Qb6 14. Ne3 Nxe4 15.
Bxe4 Bxb2 16. Rad1 Bg7 17. Rfe1 Rfd8 18. Nd5 Qb8 19. Qg5 e6 20. Nf6+ Bxf6 21.
Qxf6 d5 22. Bg2 Rd6 23. Qg5 Qc7 24. Rd2 Qd8 25. Qh6 Qf8 26. Qh4 Rcd8 27. a4
bxa4 28. Qxa4 Bxe2 29. Rdxe2 Rb8 30. Rd1 Rb4 31. Qa1 Qb8 32. Red2 Ne7 33. Qe5
Rdb6 34. Qf6 Nf5 35. Qa1 Nd6 36. Rd4 Rxd4 37. Qxd4 Qc7 38. Qd3 Rc6 39. c4 dxc4
40. bxc4 Rb6 41. Bf1 Nb7 42. Qc3 Rc6 43. Ra1 a5 44. h4 Rc5 45. Rd1 e5 46. Qd2
a4 47. h5 Rc6 48. hxg6 hxg6 49. Qc2 Nc5 50. Bg2 Ra6 51. Bd5 a3 52. Kg2 a2 53.
Ra1 Qa5 54. Qb2 Nd7 55. Qb5 Ra7 56. Qxa5 Rxa5 57. c5 Rxc5 58. Bxa2 Rc2 59. Rd1
Nc5 60. Bb1 Rb2 61. Rd5 Rxb1 62. Rxc5 Re1 63. f3 f6 64. Kf2 Rh1 65. g4 g5 66.
Rc7 Rh7 67. Rc6 Kf7 68. Ke3 Kg6 69. Rc4 Rd7 70. Rb4 Kf7 71. Ra4 Ke6 72. Ra6+
Rd6 73. Ra4 Kd5 74. Ra5+ Kc4 75. Ra4+ Kb3 76. Ra8 Rd4 77. Rb8+ Kc2 78. Rb6 Rf4
79. Rd6 Kc3 80. Rc6+ Kb4 81. Rb6+ Kc5 82. Ra6 Kd5 83. Rb6 e4 84. fxe4+ Rxe4+
85. Kf3 Rf4+ 86. Kg3 Ke4 87. Rb4+ Ke3 88. Rb3+ Kd2 89. Rb2+ Kc3 90. Rb6 Kc4 91.
Ra6 1/2-1/2

[Event "NCL967 Hertford-SW Dragons"]
[Site "Rd10"]
[Date "1997.??.??"]
[Round "10.6"]
[White "Denton, John"]
[Black "Richmond, Jane"]
[Result "1-0"]
[WhiteElo "2008"]
[BlackElo "2180"]
[PlyCount "73"]
[EventDate "1997.03.23"]
[Source "J.Saunders"]
[SourceDate "1998.06.06"]

1. d4 Nf6 2. Nf3 e6 3. c4 c5 4. Nc3 cxd4 5. Nxd4 Bb4 6. g3 Nc6 7. Bg2 Qb6 8.
Ndb5 a6 9. Nd6+ Ke7 10. Bf4 Na5 11. c5 Bxc5 12. Na4 Bxf2+ 13. Kf1 Qd4 14. Qc2
Ng4 15. Rd1 Qa7 16. Qe4 Bg1 17. e3 Nf2 18. Qb4 Kf6 19. Qxa5 b5 20. Qc3+ Kg6 21.
Rxg1 Nxd1 22. Qd3+ f5 23. Qxd1 bxa4 24. Bf3 h5 25. e4 a5 26. exf5+ Kh7 27. Be4
Ba6+ 28. Kg2 Kg8 29. Be5 Rf8 30. Qd2 Qc5 31. Bxg7 Rh7 32. Bxf8 Kxf8 33. fxe6
Rg7 34. e7+ Rxe7 35. Qh6+ Kg8 36. Qg6+ Kf8 37. Qf6+ 1-0

[Event "NCL967 Hertford-SW Dragons"]
[Site "Rd10"]
[Date "1997.??.??"]
[Round "10.7"]
[White "Spice, Alan"]
[Black "Angus, James"]
[Result "1-0"]
[WhiteElo "2210"]
[BlackElo "1552"]
[PlyCount "149"]
[EventDate "1997.03.23"]
[Source "J.Saunders"]
[SourceDate "1998.06.06"]

1. Nc3 d5 2. e4 dxe4 3. Nxe4 Bf5 4. Qf3 Bxe4 5. Qxe4 c6 6. Bc4 Nf6 7. Qe2 e6 8.
Nf3 Bd6 9. d4 Nbd7 10. O-O O-O 11. Bg5 Qc7 12. Rfe1 h6 13. Bh4 Nd5 14. Ne5 c5
15. Nxd7 Qxd7 16. dxc5 Bxc5 17. Rad1 Qc6 18. c3 Nf4 19. Qe4 Qxe4 20. Rxe4 Ng6
21. Bg3 Rfd8 22. Ree1 Rac8 23. Bb3 Kf8 24. Kf1 Ke7 25. Bc2 Nf8 26. Be4 b6 27.
Bb7 Rxd1 28. Rxd1 Rd8 29. Rxd8 Kxd8 30. b4 Be7 31. Ke2 Kd7 32. Be5 Bf6 33. Bxf6
gxf6 34. c4 Kd6 35. Ke3 Ng6 36. Be4 f5 37. Bf3 f6 38. Bh5 Ne7 39. Be8 Ng8 40.
c5+ bxc5 41. bxc5+ Kxc5 42. Bf7 Ne7 43. Bxe6 Kd6 44. Bb3 Kc5 45. g3 Nc6 46. Be6
Ne7 47. Kd3 Kd6 48. Bb3 Kc5 49. a3 Nc6 50. Bd1 Ne7 51. Bf3 Nc8 52. Bb7 Nd6 53.
Ba6 Nb5 54. a4 Nd6 55. Kc3 Ne4+ 56. Kb3 Nd2+ 57. Kc2 Nc4 58. Kc3 Nd6 59. a5
Nb5+ 60. Kd3 Nd6 61. Kc3 Nb5+ 62. Kd2 Kb4 63. Kd3 Kxa5 64. Bc8 Nd6 65. Bd7 Kb4
66. Kd4 a5 67. Kd5 Nb5 68. Bxf5 a4 69. Bd3 Nc3+ 70. Kd4 Na2 71. g4 a3 72. h4
Nc1 73. Bb1 Kb3 74. h5 Ne2+ 75. Ke3 1-0

[Event "NCL967 Hertford-SW Dragons"]
[Site "Rd10"]
[Date "1997.??.??"]
[Round "10.8"]
[White "Badger, Jo"]
[Black "Thornton, John"]
[Result "1/2-1/2"]
[WhiteElo "1744"]
[BlackElo "2110"]
[PlyCount "88"]
[EventDate "1997.03.23"]
[Source "J.Saunders"]
[SourceDate "1998.06.06"]

1. e4 e6 2. d4 d5 3. Nd2 Nf6 4. e5 Nfd7 5. c3 c5 6. Bd3 Nc6 7. Ne2 cxd4 8. cxd4
f6 9. exf6 Nxf6 10. Nf3 Bd6 11. O-O O-O 12. Bf4 Bxf4 13. Nxf4 Qd6 14. Ne2 Bd7
15. Qd2 e5 16. dxe5 Nxe5 17. Nxe5 Qxe5 18. Qc3 Ng4 19. Qxe5 Nxe5 20. Bc2 Bb5
21. Rfe1 Ng4 22. f3 Nf6 23. Bb3 Bc4 24. Nd4 Rfe8 25. Rac1 Rxe1+ 26. Rxe1 Bxb3
27. Nxb3 Kf7 28. Rc1 Re8 29. Kf2 Re7 30. Nd4 g6 31. Rc3 Ne8 32. Ra3 a6 33. Re3
Nc7 34. Nb3 Ne6 35. Re5 Rd7 36. g3 Kf6 37. Re3 d4 38. Rd3 b6 39. f4 a5 40. Kf3
a4 41. Nd2 Nc5 42. Ne4+ Ke6 43. Rd2 Kf7 44. g4 Ke6 1/2-1/2

[Event "NCL967 Invicta Kts-Midland Mon"]
[Site "Rd10"]
[Date "1997.??.??"]
[Round "10.1"]
[White "Nunn, John"]
[Black "Arkell, Keith"]
[Result "1/2-1/2"]
[WhiteElo "2605"]
[BlackElo "2545"]
[PlyCount "62"]
[EventDate "1997.03.23"]
[Source "J.Saunders"]
[SourceDate "1998.06.06"]

1. e4 d5 2. exd5 Nf6 3. Nf3 Nxd5 4. d4 Bf5 5. Bd3 Bxd3 6. Qxd3 c6 7. O-O e6 8.
c4 Nf6 9. Nc3 Be7 10. b3 O-O 11. Bb2 Nbd7 12. Rfe1 Re8 13. Rad1 Qa5 14. d5 cxd5
15. cxd5 exd5 16. Nxd5 Nxd5 17. Qxd5 Qxd5 18. Rxd5 Nf6 19. Rb5 b6 20. Rbe5 Bc5
21. Kf1 Rad8 22. Rxe8+ Nxe8 23. Bd4 Bxd4 24. Nxd4 Nf6 25. Nc6 Rd2 26. Re2 Rd1+
27. Re1 Rd2 28. Nxa7 Rxa2 29. Nc8 Rb2 30. Nxb6 Rxb3 31. Nd5 Kf8 1/2-1/2

[Event "NCL967 Invicta Kts-Midland Mon"]
[Site "Rd10"]
[Date "1997.??.??"]
[Round "10.3"]
[White "McDonald, Neil"]
[Black "Hebden, Mark"]
[Result "1/2-1/2"]
[WhiteElo "2500"]
[BlackElo "2530"]
[PlyCount "98"]
[EventDate "1997.03.23"]
[Source "J.Saunders"]
[SourceDate "1998.06.06"]

1. e4 e5 2. Nf3 Nc6 3. Bb5 a6 4. Bxc6 dxc6 5. d4 exd4 6. Qxd4 Qxd4 7. Nxd4 Bd7
8. Be3 O-O-O 9. Nd2 Re8 10. O-O-O c5 11. Ne2 Nf6 12. f3 Nd5 13. Bf2 Nb4 14. a3
Nc6 15. Nf4 b6 16. Nc4 b5 17. Ne3 Bd6 18. Nfd5 Be6 19. Bg3 Ne5 20. f4 Ng4 21.
e5 Nxe3 22. Nxe3 Be7 23. Rhf1 f5 24. c4 c6 25. Bf2 Rd8 26. g4 g6 27. gxf5 gxf5
28. Rg1 Rxd1+ 29. Rxd1 Rd8 30. Rxd8+ Kxd8 31. b3 Ke8 32. Kd2 Kf7 33. Ke2 Bd7
34. Be1 Be6 35. Ba5 Ke8 36. Kd3 Kd7 37. Be1 Bf7 38. Kd2 Ke6 39. Bf2 Bh5 40. Ng2
Bf3 41. Ne1 Be4 42. Nd3 Kf7 43. Kc3 b4+ 44. axb4 Bxd3 45. Kxd3 cxb4 46. Ke2 c5
47. Kd3 Kg6 48. h3 Kf7 49. Kc2 Ke6 1/2-1/2

[Event "NCL967 Invicta Kts-Midland Mon"]
[Site "Rd10"]
[Date "1997.??.??"]
[Round "10.4"]
[White "Webster, Andrew"]
[Black "Ivanov, Alexei"]
[Result "1/2-1/2"]
[WhiteElo "2415"]
[BlackElo "2430"]
[PlyCount "126"]
[EventDate "1997.03.23"]
[Source "J.Saunders"]
[SourceDate "1998.06.06"]

1. c4 e5 2. g3 Nc6 3. Bg2 f5 4. Nc3 Nf6 5. e3 Bb4 6. Nd5 Nxd5 7. cxd5 Ne7 8.
Ne2 O-O 9. O-O Qe8 10. f4 d6 11. Qb3 Qb5 12. fxe5 Qxe2 13. Qxb4 Qd3 14. e4 a5
15. Qc3 fxe4 16. Rxf8+ Kxf8 17. exd6 cxd6 18. b3 Qxc3 19. dxc3 Nxd5 20. Bxe4
Nxc3 21. Bxh7 Ne2+ 22. Kf2 Nxc1 23. Rxc1 Be6 24. Rc7 Bd5 25. Bc2 Bc6 26. Bf5
Re8 27. Bd7 Bxd7 28. Rxd7 Rc8 29. a4 b5 30. axb5 Rb8 31. Rxd6 Rxb5 32. Rd3 Rb4
33. h4 g6 34. Kf3 Kf7 35. g4 Kg7 36. Kg3 Kf6 37. Rf3+ Kg7 38. Rc3 Kf6 39. Kh3
Kg7 40. Kg3 Kf6 41. Rc6+ Kg7 42. Rc7+ Kg8 43. Rc5 a4 44. bxa4 Rxa4 45. Rc7 Kf8
46. Kf3 Rb4 47. Ra7 Rc4 48. Ra3 Kf7 49. Re3 Kf6 50. Re4 Rc1 51. g5+ Kf5 52.
Rf4+ Ke5 53. Ra4 Rf1+ 54. Kg2 Rb1 55. Kg3 Rg1+ 56. Kh3 Rh1+ 57. Kg2 Rb1 58. Ra6
Rb2+ 59. Kf3 Rb3+ 60. Ke2 Rb2+ 61. Kd3 Rb3+ 62. Kc4 Rh3 63. Rxg6 Rxh4+ 1/2-1/2

[Event "NCL967 Invicta Kts-Midland Mon"]
[Site "Rd10"]
[Date "1997.??.??"]
[Round "10.5"]
[White "Gormally, Danny"]
[Black "Dunnington, Angus"]
[Result "1-0"]
[WhiteElo "2300"]
[BlackElo "2450"]
[PlyCount "69"]
[EventDate "1997.03.23"]
[Source "J.Saunders"]
[SourceDate "1998.06.06"]

1. d4 d6 2. Bg5 g6 3. Nf3 Bg7 4. e3 Nf6 5. Be2 c5 6. Nbd2 O-O 7. O-O Nc6 8. c3
h6 9. Bh4 b6 10. a4 Bb7 11. Nc4 cxd4 12. exd4 Nd5 13. Ne3 Nf4 14. Bc4 Rc8 15.
Re1 Na5 16. Ba2 Rc7 17. b4 Nc6 18. Bg3 Nh5 19. Nd5 Rd7 20. Bh4 Nf6 21. Bxf6
exf6 22. Qe2 f5 23. h4 h5 24. Ng5 Bf6 25. Qe3 Kg7 26. Qg3 Bxg5 27. Qxg5 Qxg5
28. hxg5 Rc8 29. Re3 Kf8 30. Rae1 Kg7 31. b5 Na5 32. Nf6 Rdc7 33. Ne8+ Rxe8 34.
Rxe8 Rxc3 35. Bxf7 1-0

[Event "NCL967 Invicta Kts-Midland Mon"]
[Site "Rd10"]
[Date "1997.??.??"]
[Round "10.6"]
[White "Turner, Matthew"]
[Black "Morris, Philip"]
[Result "1-0"]
[WhiteElo "2425"]
[BlackElo "2375"]
[PlyCount "113"]
[EventDate "1997.03.23"]
[Source "J.Saunders"]
[SourceDate "1998.06.06"]

1. e4 e5 2. Nc3 Nf6 3. f4 d5 4. fxe5 Nxe4 5. Nf3 Nc6 6. Bb5 Be7 7. Qe2 Nxc3 8.
dxc3 O-O 9. Bf4 a6 10. Bxc6 bxc6 11. O-O-O Be6 12. Nd4 Qd7 13. Nxe6 Qxe6 14.
Rhe1 c5 15. Qd2 Rfd8 16. Bg5 d4 17. b3 dxc3 18. Qe3 Bxg5 19. Qxg5 Rd4 20. Re3
h6 21. Qg3 Rxd1+ 22. Kxd1 Rd8+ 23. Kc1 Rd5 24. Re2 c4 25. Qxc3 cxb3 26. axb3 c5
27. h3 Kh7 28. Re3 Kg8 29. Kb2 Kh7 30. g4 Kg8 31. Ka2 Kh7 32. Qc4 Rxe5 33. Rxe5
Qxe5 34. Qxf7 Qc3 35. Qf5+ Kh8 36. h4 a5 37. Qe4 Qf6 38. h5 Qc3 39. Qc4 Qe3 40.
Ka3 Qe5 41. Ka4 g6 42. hxg6 Qe8+ 43. Kxa5 Qxg6 44. Kb5 Qg5 45. Qe4 Kg7 46. c4
Kf6 47. Qc6+ Kg7 48. Qc7+ Kg6 49. Qd6+ Kg7 50. Qe6 Kf8 51. Kc6 Kg7 52. Kd6 Qd8+
53. Qd7+ Qxd7+ 54. Kxd7 Kf6 55. Kd6 Kg5 56. Kxc5 Kxg4 57. Kb6 1-0

[Event "NCL967 Invicta Kts-Midland Mon"]
[Site "Rd10"]
[Date "1997.??.??"]
[Round "10.7"]
[White "Dickenson, Neil"]
[Black "Ferguson, Mark"]
[Result "1-0"]
[WhiteElo "2300"]
[BlackElo "2385"]
[PlyCount "91"]
[EventDate "1997.03.23"]
[Source "J.Saunders"]
[SourceDate "1998.06.06"]

1. d4 d5 2. c4 c6 3. Nf3 Nf6 4. Nc3 e6 5. Bg5 h6 6. Bh4 dxc4 7. e4 g5 8. Bg3 b5
9. a4 b4 10. Nb1 Nxe4 11. Be5 f6 12. Qc2 fxe5 13. Qxe4 Qf6 14. Nxe5 Qf5 15.
Qxf5 exf5 16. Bxc4 Rh7 17. O-O Bd6 18. Re1 Re7 19. Nd2 Bxe5 20. Rxe5 Rxe5 21.
dxe5 Ke7 22. Nf3 Be6 23. Rc1 f4 24. a5 Bxc4 25. Rxc4 Ke6 26. Rxb4 c5 27. Rb7 g4
28. Ne1 Nc6 29. Nd3 Nxa5 30. Rb5 Rd8 31. Nxf4+ Kf5 32. g3 Nc4 33. e6 Kf6 34.
Rxc5 Nxb2 35. Rc7 Rd1+ 36. Kg2 Re1 37. Rf7+ Kg5 38. h4+ gxh3+ 39. Nxh3+ Kg6 40.
Nf4+ Kg5 41. Rxa7 Nc4 42. Rg7+ Kf5 43. Rh7 Kg5 44. e7 Nd6 45. Nd5 Nf5 46. Rh8
1-0

[Event "NCL967 Invicta Kts-Midland Mon"]
[Site "Rd10"]
[Date "1997.??.??"]
[Round "10.8"]
[White "Hunt, Harriet"]
[Black "Howell, Susan"]
[Result "1-0"]
[WhiteElo "2315"]
[BlackElo "1872"]
[PlyCount "93"]
[EventDate "1997.03.23"]
[Source "J.Saunders"]
[SourceDate "1998.06.06"]

1. e4 e6 2. d4 d5 3. Nd2 dxe4 4. Nxe4 Bd7 5. Nf3 Bc6 6. Bd3 Nd7 7. O-O Ngf6 8.
Qe2 Bxe4 9. Bxe4 Nxe4 10. Qxe4 c6 11. Rd1 Nf6 12. Qe2 Be7 13. c4 O-O 14. Bd2
Qc7 15. b4 Rad8 16. a4 a6 17. a5 Rfe8 18. Ra3 Bd6 19. Rd3 Qe7 20. Qe1 Nd7 21.
Bc3 Rc8 22. Re3 Qf8 23. g3 h6 24. Kg2 Red8 25. Rb1 Kh8 26. Qc1 Kg8 27. Qb2 Be7
28. Nd2 Nf6 29. Rbe1 Rd7 30. f4 Rcd8 31. Nf3 Ng4 32. R3e2 Rc8 33. h3 Nf6 34.
Ne5 Rdc7 35. Qb1 Nd7 36. Ng4 Nf6 37. Ne3 Kh8 38. f5 exf5 39. Nxf5 Bd8 40. Qc1
Rd7 41. d5 cxd5 42. Re8 Qxe8 43. Rxe8+ Nxe8 44. Qxh6+ Kg8 45. Bxg7 f6 46. Qh8+
Kf7 47. Qf8+ 1-0

[Event "NCL967 NW Eagles-Richmond"]
[Site "Rd10"]
[Date "1997.??.??"]
[Round "10.1"]
[White "Bates, Richard"]
[Black "Bryson, Douglas"]
[Result "1-0"]
[WhiteElo "2315"]
[BlackElo "2380"]
[PlyCount "81"]
[EventDate "1997.03.23"]
[Source "J.Saunders"]
[SourceDate "1998.06.06"]

1. d4 d5 2. c4 e6 3. Nf3 Nf6 4. g3 Be7 5. Bg2 O-O 6. O-O dxc4 7. Qc2 a6 8. Nbd2
b5 9. Ne5 Nd5 10. b3 c3 11. Ndf3 Bb7 12. a3 a5 13. e4 Nf6 14. Ng5 h6 15. Nexf7
Rxf7 16. Nxe6 Qd7 17. d5 c6 18. e5 Nxd5 19. Qg6 Nf6 20. Bh3 Qd5 21. Nf4 Qxe5
22. Be6 Qxe6 23. Nxe6 Nbd7 24. Re1 Nf8 25. Nxf8 Raxf8 26. Bxh6 Nd5 27. Re2 Bf6
28. Bg5 Ne7 29. Qh5 g6 30. Qh6 Bg7 31. Qh3 Nf5 32. Re6 Nd4 33. Rxg6 c5 34. Bh6
Ne2+ 35. Kf1 Rxf2+ 36. Ke1 Nd4 37. Rxg7+ Kh8 38. Bf4+ Kxg7 39. Qh6+ Kf7 40.
Kxf2 c2 41. Qh7+ 1-0

[Event "NCL967 NW Eagles-Richmond"]
[Site "Rd10"]
[Date "1997.??.??"]
[Round "10.2"]
[White "Littlewood, John"]
[Black "Williams, Simon"]
[Result "1-0"]
[WhiteElo "2275"]
[BlackElo "2350"]
[PlyCount "52"]
[EventDate "1997.03.23"]
[Source "J.Saunders"]
[SourceDate "1998.06.06"]

1. e4 e6 2. d3 c5 3. Nf3 Nc6 4. g3 g6 5. Bg2 Bg7 6. O-O Nge7 7. Re1 d6 8. c3 e5
9. a3 a5 10. a4 O-O 11. Na3 h6 12. Nb5 f5 13. Nd2 Na7 14. exf5 gxf5 15. Nc4
Nxb5 16. axb5 Be6 17. Bxb7 Rb8 18. Bg2 Rxb5 19. Qa4 Qb8 20. Nxd6 Rb3 21. Nc4 f4
22. Bxf4 Bd5 23. Bxd5+ Nxd5 24. Bxe5 Bxe5 25. Nxe5 Nf6 26. Qc4+ Kg7 1-0

[Event "NCL967 NW Eagles-Richmond"]
[Site "Rd10"]
[Date "1997.??.??"]
[Round "10.3"]
[White "Trifunovic, Aleks"]
[Black "Quillan, Gary"]
[Result "0-1"]
[WhiteElo "2250"]
[BlackElo "2320"]
[PlyCount "62"]
[EventDate "1997.03.23"]
[Source "J.Saunders"]
[SourceDate "1998.06.06"]

1. d4 e6 2. Nf3 Nf6 3. c4 c5 4. d5 exd5 5. cxd5 d6 6. Nc3 g6 7. e4 Bg7 8. h3
O-O 9. Bd3 Re8 10. O-O a6 11. a4 Nbd7 12. Re1 Qe7 13. a5 h6 14. Bc2 g5 15. Na4
Rb8 16. Ra3 Kf8 17. Rb3 g4 18. hxg4 Nxg4 19. Bf4 Nde5 20. Nb6 c4 21. Rb4 h5 22.
Nxe5 Bxe5 23. Qf3 Qh4 24. Rxc4 Nh2 25. Bh6+ Kg8 26. Qe3 Kh8 27. Bg5 Nf3+ 28.
Qxf3 Qh2+ 29. Kf1 Bg4 30. Bf6+ Kg8 31. Bxe5 Rxe5 0-1

[Event "NCL967 NW Eagles-Richmond"]
[Site "Rd10"]
[Date "1997.??.??"]
[Round "10.4"]
[White "Lund, Brett"]
[Black "Wall, Gavin"]
[Result "0-1"]
[WhiteElo "2260"]
[BlackElo "2305"]
[PlyCount "78"]
[EventDate "1997.03.23"]
[Source "J.Saunders"]
[SourceDate "1998.06.06"]

1. g3 f5 2. Bg2 Nf6 3. c4 d6 4. Nc3 g6 5. d3 Bg7 6. e4 O-O 7. Nge2 e5 8. O-O c6
9. exf5 gxf5 10. Kh1 Qe8 11. f4 Na6 12. fxe5 dxe5 13. d4 Qh5 14. dxe5 Ng4 15.
h3 Nxe5 16. b3 Ng6 17. Ba3 Re8 18. Qd3 Qg5 19. Rad1 Be5 20. Nf4 Bxf4 21. gxf4
Nxf4 22. Rxf4 Qxf4 23. Rg1 Kf7 24. Nd5 cxd5 25. Bxd5+ Kf6 26. Bb2+ Re5 27. Re1
Nc5 28. Qe2 Ne4 29. Qg2 Be6 30. Bxe4 Rg8 31. Qf3 Qd2 32. Bc3 Qxe1+ 33. Bxe1
Rxe4 34. Bc3+ Ke7 35. Qf2 Bd7 36. Qc5+ Ke8 37. Qd5 Re1+ 38. Bxe1 Bc6 39. Qxc6+
bxc6 0-1

[Event "NCL967 NW Eagles-Richmond"]
[Site "Rd10"]
[Date "1997.??.??"]
[Round "10.5"]
[White "Franklin, Michael"]
[Black "Tebb, David"]
[Result "1/2-1/2"]
[WhiteElo "2255"]
[BlackElo "2320"]
[PlyCount "53"]
[EventDate "1997.03.23"]
[Source "J.Saunders"]
[SourceDate "1998.06.06"]

1. d4 c5 2. e3 Nf6 3. Nf3 e6 4. Bd3 Be7 5. O-O O-O 6. c3 Nc6 7. Nbd2 d6 8. Qe2
e5 9. dxc5 dxc5 10. e4 Qc7 11. Nc4 h6 12. Ne3 Be6 13. Bc4 Nxe4 14. Bxe6 fxe6
15. Qc4 Ng5 16. Nxg5 Bxg5 17. Qxe6+ Qf7 18. Qxf7+ Rxf7 19. Nc4 Bxc1 20. Raxc1
Rd8 21. Rfd1 Rfd7 22. Rxd7 Rxd7 23. a4 Kf7 24. Kf1 Kf6 25. Ke2 Ke6 26. Ke3 Rd8
27. f3 1/2-1/2

[Event "NCL967 NW Eagles-Richmond"]
[Site "Rd10"]
[Date "1997.??.??"]
[Round "10.6"]
[White "Sheldon, Ruth"]
[Black "Beake, Ben"]
[Result "0-1"]
[WhiteElo "2230"]
[BlackElo "2112"]
[PlyCount "106"]
[EventDate "1997.03.23"]
[Source "J.Saunders"]
[SourceDate "1998.06.06"]

1. d4 Nf6 2. c4 g6 3. Nc3 Bg7 4. e4 d6 5. Be2 O-O 6. Nf3 e5 7. d5 a5 8. Bg5 h6
9. Bh4 Na6 10. Nd2 Qe8 11. O-O Bd7 12. b3 Nh7 13. f3 f5 14. a3 h5 15. Bf2 Bh6
16. Qc2 Qe7 17. Rfd1 h4 18. h3 Nf6 19. Rab1 Nh5 20. b4 Bf4 21. c5 Qg5 22. c6
Bc8 23. cxb7 Bxb7 24. b5 Nc5 25. b6 Be3 26. Nf1 Nf4 27. Nxe3 Nxh3+ 28. Kf1 Nxf2
29. Kxf2 Qg3+ 30. Kg1 h3 31. Bc4 fxe4 32. Nxe4 Nxe4 33. Qxe4 Rf4 34. Qc2 Rxf3
35. Nf1 Qg5 36. Qd2 Rf4 37. bxc7 hxg2 38. Nh2 Rf1+ 39. Nxf1 gxf1=Q+ 40. Kxf1
Rf8+ 41. Qf2 Rxf2+ 42. Kxf2 Qh4+ 43. Kg2 Bc8 44. Rb8 Qg4+ 45. Kf2 Qh4+ 46. Kg2
Kg7 47. Be2 Bh3+ 48. Kh2 Bg4+ 49. Kg2 Qh3+ 50. Kg1 Qg3+ 51. Kh1 Bxe2 52. Rg8+
Kxg8 53. c8=Q+ Kg7 0-1

[Event "NCL967 NW Eagles-Richmond"]
[Site "Rd10"]
[Date "1997.??.??"]
[Round "10.7"]
[White "Galloway, Iain"]
[Black "Giblin, William"]
[Result "1/2-1/2"]
[WhiteElo "2135"]
[BlackElo "2130"]
[PlyCount "30"]
[EventDate "1997.03.23"]
[Source "J.Saunders"]
[SourceDate "1998.06.06"]

1. e4 e5 2. Nf3 Nf6 3. Nc3 Bb4 4. Bc4 d6 5. O-O O-O 6. d3 Bxc3 7. bxc3 Be6 8.
Bxe6 fxe6 9. Qe2 Nbd7 10. d4 exd4 11. cxd4 Nb6 12. c4 d5 13. e5 Ne4 14. c5 Nc4
15. Nd2 Nexd2 1/2-1/2